Покровского С.

Доступно только в Электронных читальных залах Найти на картеНа карте
RUSMARC
00003916nac2a22003011x 450
001840115ee-2910-4caf-9b3d-99bd63c0a9a3
00520131226164914.0
100##$a20130529l1913 k y0rusy50 ca
1010#$arus
102##$aRU
105##$ay z |||||
1220#$ad19130309
2001#$aПокровского С.
$j9 марта 1913
215##$a4 листа
251##$cДело
300##$aЗаголовок дела на папке: Письма Покровского С. Кони А. Ф.
300##$aВ деле имеются документы без дат
300##$a2 письма
300##$aРукописный текст
330##$aПереписка А. Ф. Кони; Письма к А. Ф. Кони
461#0$10013a54f2e3-e9cf-409b-80fa-f0a9bd3c40cb
$12001
$aКони Анатолий Федорович, юрист, литератор, член академии наук, председатель Санкт-Петербургского окружного суда, член государственного совета
$1251
$cФонд
$1852
$j564
462#0$100178a475cd-a47d-4377-bff3-cee4b81de655
$12001
$aОпись дел фонда А. Ф. Кони за 1880-1931 гг.
$1251
$cОпись
$1852
$j1
517##$aПисьма Покровского С. Кони А. Ф.
600#1$aКони
$bА. Ф.
$f1844-1927
$gАнатолий Федорович
600#1$aПокровский
$bС.
801#0$aRU
$bGA_RF
801#1$aRU
$bНПО Опыт
$c20130529
$2rusmarc
801#2$aRU
$bПБ им. Б.Н. Ельцина
$c20131226
$gRCR
$2rusmarc
852##$aГА РФ
$j2908
937##$d42549933
$hПБ
035##$aRuPRLIB51003604
Формат отображения